Piccadilly Line Stations - Statistics

General Stats
  • This quiz has been taken 499 times
  • The average score is 39 of 53
Answer Stats
Station % Correct
Cockfosters
91%
Piccadilly Circus
90%
King's Cross St Pancras
87%
Holborn
86%
Leicester Square
86%
Covent Garden
85%
Green Park
85%
Heathrow Terminal 4
84%
Knightsbridge
84%
Hyde Park Corner
83%
South Kensington
83%
Arnos Grove
82%
Arsenal
82%
Earl's Court
82%
Caledonian Road
81%
Hammersmith
81%
Russell Square
81%
Finsbury Park
80%
Heathrow Terminal 5
80%
Hounslow East
79%
Hounslow West
78%
Barons Court
77%
Gloucester Road
77%
Hounslow Central
77%
Uxbridge
77%
Holloway Road
76%
Bounds Green
75%
Hatton Cross
75%
Southgate
75%
Acton Town
73%
Wood Green
73%
Ruislip
71%
Oakwood
70%
Manor House
68%
South Ealing
67%
Turnham Green
67%
Hillingdon
66%
Ruislip Manor
66%
Ealing Common
65%
Osterley
65%
Turnpike Lane
65%
Rayners Lane
64%
North Ealing
63%
Ickenham
60%
Boston Manor
59%
Northfields
57%
Eastcote
56%
Sudbury Town
56%
Alperton
55%
Park Royal
55%
Heathrow Terminals 2 and 3
54%
Sudbury Hill
54%
South Harrow
47%
No matching quizzes found
Score Distribution
Percent of People with Each Score
Percentile by Number Answered
Your Score History
You have not taken this quiz